00354nam a2200133Ia 4500008004100000020001500041041001200056082001600068100001700084245006000101260004300161300000900204650000700213221030s9999 xx 000 0 und d a0195105095 aEnglish a105.23bBob aL. S. Bobrow 0aFundamentals of electrical Engineeringcby L. S. Bobrow bOxfor University PressaNew Yorkc1996 a1163 aEE